Nueve dramas
Guardat en:
| Autor principal: | |
|---|---|
| Format: | Llibre |
| Idioma: | espanyol |
| Publicat: |
Buenos Aires
Sudamericana
1947
|
| Edició: | 1a. ed |
| Matèries: | |
| Etiquetes: |
Afegir etiqueta
Sense etiquetes, Sigues el primer a etiquetar aquest registre!
|
MARC
| LEADER | 00000cam a2200000 a 4500 | ||
|---|---|---|---|
| 001 | UCE2002 | ||
| 003 | CL-VaPUC | ||
| 008 | 140605e19470000ag |||||||||||||||||spa|d | ||
| 082 | 0 | 4 | |a 812 |b ONE |2 21 |
| 100 | |a O'Neill, Eugene |e autor |9 302230 | ||
| 245 | 1 | 0 | |a Nueve dramas |
| 250 | |a 1a. ed | ||
| 300 | |a t | ||
| 942 | |c BK | ||
| 945 | |d 20140605 14:22:00 |a dcastane | ||
| 260 | |a Buenos Aires |b Sudamericana |c 1947 | ||
| 500 | |a t.1: El emperador Jones. El mono velludo. Todos los hijos de Dios tienen alas. El deseo bajo los olmos. Los millones de Marco Polo. el gran dios Brown | ||
| 650 | 7 | |a DRAMAS ESTADOUNIDENSES |2 CL-VaPUC |9 267218 | |
| 650 | 0 | |a Literatura estadounidense |9 317168 | |
| 650 | 7 | |a TEATRO ESTADOUNIDENSE |2 CL-VaPUC |9 265812 | |
| 583 | |a last modification |c 20140605 14:22:00 |k Rodrigo Vera | ||
| 999 | |c 355682 |d 355680 | ||
| 952 | |0 0 |1 0 |3 erb |4 0 |6 812_000000000000000_ONE_1947 |7 0 |8 A |9 462479 |a BIBART |b BIBART |h t.1 |i 5055369 |o 812 ONE 1947 |p 5055369 |r 2025-03-13 |w 2019-11-23 |y BK |z Catalogado en:20140605 |k ART | ||